000 00523nmm a2200181Ia 4500
008 251105s9999||||xx |||||||||||||||||und||
020 _a9789587847031
041 _aspa
100 _aMuñoz Ávila, Lina
245 0 _aGestión ambiental empresarial
264 _a[Bogotá, Colombia] :
_bUniversidad del Rosario,
_c2021
300 _a354 páginas
650 _aLaw
700 _aMuñoz Ávila, Lina
700 1 _a Rodríguez, Gloria Amparo
856 _uhttps://public.digitaliapublishing.com/a/102601
942 _cCF
999 _c69196
_d69196